| 000 | 00571nam a2200121Ia 4500 | ||
|---|---|---|---|
| 008 | 171212s9999 xx 000 0 und d | ||
| 020 | _a9781925021721 | ||
| 245 |
_ceditor Castejon, Vanessa;Cole, Anne;Haag, Oliver;Hughes, Karen _aNgapartji Ngapartji _bIn turn, in turn: Ego-histoire, Europe and Indigenous Australia |
||
| 260 |
_bANU E Press _c2014 |
||
| 650 | _aAboriginal Australians -- History; Aboriginal Australians -- Social conditions; Aboriginal Australians -- Politics and government | ||
| 650 | _aAnthropology | ||
| 856 | _uhttp://www.jstor.org/stable/j.ctt13wwvhn | ||
| 999 |
_c351228 _d351228 |
||